<?xml version="1.0" encoding="UTF-8"?>
<record
    xmlns:xsi="http://www.w3.org/2001/XMLSchema-instance"
    xsi:schemaLocation="http://www.loc.gov/MARC21/slim http://www.loc.gov/standards/marcxml/schema/MARC21slim.xsd"
    xmlns="http://www.loc.gov/MARC21/slim">

  <leader>00815nam a2200241 a 4500</leader>
  <controlfield tag="001">BRCA_6681</controlfield>
  <controlfield tag="005">20190320205542.0</controlfield>
  <controlfield tag="008">131011s1942----mx-#######---#000-0#spa-#</controlfield>
  <datafield tag="041" ind1=" " ind2=" ">
    <subfield code="a">spa</subfield>
  </datafield>
  <datafield tag="044" ind1=" " ind2=" ">
    <subfield code="a">mx</subfield>
  </datafield>
  <datafield tag="050" ind1=" " ind2="4">
    <subfield code="a">BH203</subfield>
    <subfield code="b">.O34 1942</subfield>
  </datafield>
  <datafield tag="100" ind1="1" ind2=" ">
    <subfield code="a">Odebrecht, Rudolf</subfield>
    <subfield code="d">1883-</subfield>
    <subfield code="9">16709</subfield>
  </datafield>
  <datafield tag="245" ind1="1" ind2="0">
    <subfield code="a">La est&#xE9;tica contempor&#xE1;nea</subfield>
    <subfield code="c">Rudolf Odebrecht; traducci&#xF3;n de Jose Gaos.</subfield>
  </datafield>
  <datafield tag="260" ind1=" " ind2=" ">
    <subfield code="a">M&#xE9;xico</subfield>
    <subfield code="b">UNAM, Instituto de Investigaciones Est&#xE9;ticas</subfield>
    <subfield code="c">1942</subfield>
  </datafield>
  <datafield tag="300" ind1=" " ind2=" ">
    <subfield code="a">106 p.</subfield>
    <subfield code="c">24 cm.</subfield>
  </datafield>
  <datafield tag="440" ind1=" " ind2="0">
    <subfield code="a">UNAM, Instituto de Investigaciones Est&#xE9;ticas, Anales</subfield>
    <subfield code="v">8 (suplemento)</subfield>
    <subfield code="9">16710</subfield>
  </datafield>
  <datafield tag="500" ind1=" " ind2=" ">
    <subfield code="a">L203</subfield>
  </datafield>
  <datafield tag="650" ind1="1" ind2="4">
    <subfield code="a">Est&#xE9;tica</subfield>
    <subfield code="9">7755</subfield>
  </datafield>
  <datafield tag="700" ind1="1" ind2=" ">
    <subfield code="a">Gaos, Jose</subfield>
    <subfield code="f">1900-1969</subfield>
    <subfield code="9">11471</subfield>
  </datafield>
  <datafield tag="710" ind1="2" ind2=" ">
    <subfield code="a">Universidad Nacional Autonoma de M&#xE9;xico.</subfield>
    <subfield code="b">Instituto de Investigaciones Est&#xE9;ticas.</subfield>
    <subfield code="9">16711</subfield>
  </datafield>
  <datafield tag="902" ind1=" " ind2=" ">
    <subfield code="a">GFM</subfield>
  </datafield>
  <datafield tag="942" ind1=" " ind2=" ">
    <subfield code="2">lcc</subfield>
    <subfield code="c">B</subfield>
  </datafield>
  <datafield tag="999" ind1=" " ind2=" ">
    <subfield code="c">6364</subfield>
    <subfield code="d">6364</subfield>
  </datafield>
  <datafield tag="952" ind1=" " ind2=" ">
    <subfield code="0">0</subfield>
    <subfield code="1">0</subfield>
    <subfield code="4">0</subfield>
    <subfield code="7">0</subfield>
    <subfield code="a">BRCA</subfield>
    <subfield code="b">BRCA</subfield>
    <subfield code="d">2011-10-13</subfield>
    <subfield code="i">L203</subfield>
    <subfield code="l">0</subfield>
    <subfield code="o">BH203 .O34 1942 (L203)</subfield>
    <subfield code="p">7128</subfield>
    <subfield code="r">2019-03-22 00:00:00</subfield>
    <subfield code="w">2019-03-22</subfield>
    <subfield code="y">B</subfield>
  </datafield>
</record>
